[Event "POL-ChT2"]
[Site "Opole POL"]
[Date "2006.09.09"]
[Round "8"]
[White "Antoniewski, Rafal"]
[Black "Tomczak, Rafal"]
[Result "1-0"]
[WhiteElo "2509"]
[BlackElo "2316"]
[EventDate "2006.09.02"]
[PlyCount "114"]

1.e4 c5 2.Nc3 Nc6 3.Nge2 d6 4.d4 cxd4 5.Nxd4 Nf6 6.Bc4 e6 7.Be3 a6 8.Bb3 
Bd7 9.f4 b5 10.a3 Be7 11.O-O Qc7 12.Qf3 O-O 13.f5 Nxd4 14.Bxd4 d5 15.fxe6 
fxe6 16.exd5 Bc5 17.Bxc5 Qxc5+ 18.Qf2 Qd6 19.dxe6 Bxe6 20.Rad1 Qc6 21.
Bxe6+ Qxe6 22.Rfe1 Qc6 23.Qd4 Rac8 24.Re7 Rf7 25.Rde1 Kf8 26.R7e6 Qd7 27.
Qb4+ Kg8 28.Rxa6 Qd2 29.Rae6 Qxc2 30.Qxb5 h6 31.Qe2 Qb3 32.Rd1 Rb8 33.Rd2 
Rbf8 34.g3 Qb7 35.Qa6 Qf3 36.Qe2 Qf5 37.Re5 Qh3 38.Qg2 Qc8 39.h3 Qb8 40.
Rf5 Qb6+ 41.Kh2 g6 42.Nd5 Nxd5 43.Rxf7 Rxf7 44.Qxd5 Kg7 45.Kg2 Qa6 46.Qd4+
Kh7 47.Rf2 Qc6+ 48.Kh2 Rd7 49.Qf4 h5 50.h4 Qe6 51.a4 Qa2 52.Qe4 Qa1 53.Qc4
Rg7 54.b3 Qe1 55.Rf7 Qd2+ 56.Kh3 Qe1 57.Rxg7+ Kxg7 1-0

[Event "POL-ChT2"]
[Site "Opole POL"]
[Date "2006.09.09"]
[Round "8"]
[White "Chlost, Marlena"]
[Black "Magnucka, Milena"]
[Result "1-0"]
[WhiteElo "2132"]
[BlackElo "2066"]
[EventDate "2006.09.02"]
[PlyCount "53"]

1.e4 c5 2.Nf3 d6 3.d4 cxd4 4.Nxd4 Nf6 5.Nc3 a6 6.f3 e5 7.Nb3 Be6 8.Be3 
Nbd7 9.g4 b5 10.g5 Nh5 11.Qd2 Nb6 12.Nd5 Bxd5 13.exd5 f5 14.f4 Nc4 15.Bxc4
bxc4 16.Na5 Nxf4 17.Bxf4 exf4 18.Nc6 Qxg5 19.O-O-O Kf7 20.Rde1 h6 21.Rhg1 
Qh5 22.Qxf4 Kg8 23.Ne7+ Kh7 24.Nxf5 Re8 25.Re6 Qf7 26.Qe4 Rxe6 27.dxe6 1-0

[Event "POL-ChT2"]
[Site "Opole POL"]
[Date "2006.09.09"]
[Round "8"]
[White "Markowski, Tomasz"]
[Black "Kovalev, Andrei"]
[Result "1-0"]
[WhiteElo "2547"]
[BlackElo "2526"]
[EventDate "2006.09.02"]
[PlyCount "128"]

1.g3 g6 2.Bg2 Bg7 3.c4 Nc6 4.Nc3 e5 5.d3 d6 6.e3 f5 7.Nge2 Nf6 8.O-O O-O 
9.b3 Bd7 10.Qd2 Rb8 11.Bb2 Kh8 12.f4 a6 13.Rac1 Ng4 14.h3 Nh6 15.Nd5 Be6 
16.Kh2 Qd7 17.d4 exd4 18.exd4 Bxd5 19.Bxd5 Rbe8 20.Bf3 Nd8 21.Rfe1 Ng8 22.
d5 Nf6 23.Nc3 h5 24.Rxe8 Rxe8 25.Re1 Kg8 26.Kg2 a5 27.Nb5 Rxe1 28.Qxe1 b6 
29.Qe2 Kf8 30.Bd4 Ne8 31.Bf2 Qe7 32.Qxe7+ Kxe7 33.g4 hxg4 34.hxg4 fxg4 35.
Be4 g5 36.fxg5 Nf7 37.Be3 a4 38.Kg3 axb3 39.axb3 Ne5 40.Bf5 Kf7 41.Bf4 Ke7
42.Bxe5 dxe5 43.Kxg4 e4 44.Bg6 Be5 45.Na7 Ng7 46.Bxe4 Kd6 47.Bg6 Kc5 48.
Bd3 Bc3 49.Bc2 Bd2 50.g6 Bc3 51.Kf4 Bd2+ 52.Ke5 Bc3+ 53.Ke4 Bf6 54.Bd1 Bb2
55.Kd3 Bf6 56.Bg4 Kb4 57.Kc2 Kc5 58.Nb5 Be5 59.Kd3 Ne8 60.Bd7 Ng7 61.Ke4 
Bh2 62.Bc6 Kb4 63.Nd4 Bd6 64.Ba4 Nh5 1-0

[Event "POL-ChT2"]
[Site "Opole POL"]
[Date "2006.09.09"]
[Round "8"]
[White "Tomczak, Jacek"]
[Black "Dudzinski, Piotr"]
[Result "1-0"]
[WhiteElo "2389"]
[BlackElo "2254"]
[EventDate "2006.09.02"]
[PlyCount "92"]

1.e4 e6 2.d4 d5 3.Nc3 Nf6 4.e5 Nfd7 5.f4 c5 6.Nf3 Nc6 7.Be3 Be7 8.Qd2 a6 
9.a3 b5 10.dxc5 Nxc5 11.b4 Nd7 12.Bd3 f6 13.O-O O-O 14.Nd4 Nxd4 15.Bxd4 
Qc7 16.Rae1 fxe5 17.fxe5 Bb7 18.Qe3 Qc6 19.Qh3 g6 20.Qg4 Rxf1+ 21.Rxf1 Rf8
22.Re1 Rf7 23.Ne2 Nf8 24.Nf4 Bc8 25.h4 Qe8 26.Re3 Qd8 27.Rh3 Rg7 28.h5 
gxh5 29.Qf3 h4 30.Nh5 Rf7 31.Qg4+ Kh8 32.Rf3 Qe8 33.Be3 Nd7 34.Bg6 Rg7 35.
Nxg7 Qxg6 36.Qxe6 Qxe6 37.Nxe6 Nxe5 38.Bd4 Bxe6 39.Bxe5+ Kg8 40.Bf6 Bd6 
41.Bxh4 Be5 42.Bf6 Bc7 43.Bd4 a5 44.Rc3 Bd8 45.Rc6 Kf7 46.Bb6 Be7 1-0

[Event "POL-ChT2"]
[Site "Opole POL"]
[Date "2006.09.09"]
[Round "8"]
[White "Murawski, Grzegorz"]
[Black "Hudziak, Pawel"]
[Result "1-0"]
[WhiteElo "2311"]
[BlackElo "2245"]
[EventDate "2006.09.02"]
[PlyCount "55"]

1.e4 c6 2.d4 d5 3.Nc3 dxe4 4.Nxe4 Nd7 5.Ng5 Ndf6 6.N1f3 Bg4 7.Be2 Bxf3 8.
Nxf3 e6 9.O-O Bd6 10.c4 Qc7 11.Qb3 O-O-O 12.Qa4 Kb8 13.b4 Ne4 14.Qc2 f5 
15.c5 Bf4 16.Bc4 Ngf6 17.Bxe6 g6 18.a4 Rhe8 19.Bc4 g5 20.Qb2 Ng4 21.Bxf4 
Qxf4 22.Rad1 Re7 23.b5 cxb5 24.axb5 Ngf6 25.Ne5 Nxc5 26.Nc6+ bxc6 27.dxc5 
Rxd1 28.bxc6+ 1-0

[Event "POL-ChT2"]
[Site "Opole POL"]
[Date "2006.09.09"]
[Round "8"]
[White "Wlodarczyk, Oskar"]
[Black "Schmidt, Wlodzimierz"]
[Result "1/2-1/2"]
[WhiteElo "2282"]
[BlackElo "2437"]
[EventDate "2006.09.02"]
[PlyCount "30"]

1.e4 e6 2.d4 d5 3.Nd2 c5 4.exd5 exd5 5.Ngf3 Nc6 6.Bb5 Bd6 7.dxc5 Bxc5 8.
O-O Ne7 9.Nb3 Bd6 10.c3 Bg4 11.Be2 O-O 12.Re1 Re8 13.Nfd4 Bxe2 14.Nxe2 Qc7
15.Ng3 Rad8 1/2-1/2

[Event "POL-ChT2"]
[Site "Opole POL"]
[Date "2006.09.09"]
[Round "8"]
[White "Urban, Klaudiusz"]
[Black "Jasnikowski, Zbigniew"]
[Result "1/2-1/2"]
[WhiteElo "2457"]
[BlackElo "2411"]
[EventDate "2006.09.02"]
[PlyCount "43"]

1.Nf3 Nf6 2.c4 e6 3.g3 d5 4.d4 Be7 5.Bg2 O-O 6.O-O b6 7.cxd5 exd5 8.Nc3 
Bb7 9.Ne5 Na6 10.Qa4 Qe8 11.Qb3 Rd8 12.Nd3 Ne4 13.Nf4 Nxc3 14.bxc3 c6 15.
Re1 Qd7 16.Ba3 Rfe8 17.Bxe7 Rxe7 18.Rad1 Nc7 19.e4 dxe4 20.Rxe4 Rxe4 21.
Bxe4 Nb5 22.Bg2 1/2-1/2

[Event "POL-ChT2"]
[Site "Opole POL"]
[Date "2006.09.09"]
[Round "8"]
[White "Staniszewski, Piotr"]
[Black "Szelag, Marcin"]
[Result "1/2-1/2"]
[WhiteElo "2424"]
[BlackElo "2470"]
[EventDate "2006.09.02"]
[PlyCount "140"]

1.d4 Nf6 2.Nf3 g6 3.g3 Bg7 4.Bg2 O-O 5.O-O d6 6.Re1 Nbd7 7.c4 e5 8.Nc3 c6 
9.e4 exd4 10.Nxd4 Re8 11.h3 Qc7 12.Be3 Nc5 13.Qc2 Bd7 14.Rad1 Rad8 15.Bg5 
h6 16.Bf4 Nh5 17.Be3 Ne6 18.Nxe6 Bxe6 19.Ne2 Qa5 20.b3 d5 21.cxd5 cxd5 22.
Nd4 Bc8 23.g4 Nf6 24.exd5 Nxd5 25.Bd2 Rxe1+ 26.Bxe1 Nb4 27.Qc4 Bf8 28.Bf3 
Qc5 29.a3 Qxc4 30.bxc4 Na6 31.Nb5 Rxd1 32.Bxd1 Bc5 33.Bf3 Kf8 34.Bd2 g5 
35.Be3 Bxe3 36.fxe3 Nc5 37.Nxa7 Bd7 38.Nb5 Bxb5 39.cxb5 Ke7 40.b6 Kd7 41.
Kf2 Kc8 42.Bd5 f6 43.Kf3 Na4 44.Be6+ Kd8 45.Bd5 Kc8 46.Ke4 Nxb6 47.Be6+ 
Kd8 48.Kf5 Ke7 49.e4 Na4 50.e5 fxe5 51.Kxe5 Nb2 52.Kf5 Nd1 53.Bc8 b6 54.
Ba6 Nf2 55.Bf1 Kf7 56.a4 Nh1 57.Bc4+ Ke7 58.Kg6 Nf2 59.Bf1 Ne4 60.Bg2 Nf2 
61.Kxh6 Kf6 62.Bf1 Ne4 63.Bc4 Nf2 64.Bf1 Ne4 65.Bg2 Nf2 66.Kh5 Nd3 67.Bf1 
Nc5 68.Bb5 Ne4 69.Kh6 Nf2 70.Bf1 Ne4 1/2-1/2

[Event "POL-ChT2"]
[Site "Opole POL"]
[Date "2006.09.09"]
[Round "8"]
[White "Koziak, Vitaly"]
[Black "Kulesza, Mateusz"]
[Result "1/2-1/2"]
[WhiteElo "2483"]
[BlackElo "2282"]
[EventDate "2006.09.02"]
[PlyCount "64"]

1.d4 e6 2.Nf3 d5 3.c4 c6 4.Nc3 Nf6 5.e3 Nbd7 6.Qc2 Be7 7.Bd3 dxc4 8.Bxc4 
b5 9.Bd3 a6 10.e4 c5 11.e5 Nd5 12.Nxd5 exd5 13.Bxh7 Qb6 14.dxc5 Bxc5 15.
Bd3 Bb7 16.O-O Nf8 17.a4 Ne6 18.axb5 axb5 19.Rxa8+ Bxa8 20.b4 Bxb4 21.Qc8+
Qd8 22.Bxb5+ Ke7 23.Qa6 f6 24.exf6+ gxf6 25.Ba3 Bxa3 26.Qxa3+ Kf7 27.Re1 
Bb7 28.Qa7 Qc7 29.Ba6 Bxa6 30.Qxa6 Nd4 31.Kf1 Nxf3 32.Qe6+ Kg6 1/2-1/2

[Event "POL-ChT2"]
[Site "Opole POL"]
[Date "2006.09.09"]
[Round "8"]
[White "Szwed, Jacek"]
[Black "Kuzmicz, Krystian"]
[Result "1/2-1/2"]
[WhiteElo "2323"]
[BlackElo "2375"]
[EventDate "2006.09.02"]
[PlyCount "47"]

1.e4 d6 2.d4 Nf6 3.Nc3 e5 4.Nge2 c6 5.f3 h5 6.Be3 Be7 7.Qd2 Qa5 8.Nc1 Be6 
9.Be2 Nbd7 10.O-O Qc7 11.Kh1 d5 12.exd5 Nxd5 13.Nxd5 Bxd5 14.dxe5 Nxe5 15.
Qc3 Bd6 16.Bc5 O-O-O 17.Bxd6 Qxd6 18.Nd3 Nxd3 19.Bxd3 g6 20.Rae1 Rhe8 21.
Rxe8 Rxe8 22.Qd4 Qb8 23.Rd1 a6 24.c4 1/2-1/2

[Event "POL-ChT2"]
[Site "Opole POL"]
[Date "2006.09.09"]
[Round "8"]
[White "Skalski, Michal"]
[Black "Bobula, Mateusz"]
[Result "0-1"]
[WhiteElo "2343"]
[BlackElo "2254"]
[EventDate "2006.09.02"]
[PlyCount "90"]

1.Nf3 d5 2.c4 e6 3.d4 c5 4.cxd5 exd5 5.g3 Nc6 6.Bg2 Nf6 7.O-O Be7 8.dxc5 
Bxc5 9.Qc2 Bb6 10.Nc3 O-O 11.Bg5 Be6 12.Na4 h6 13.Nxb6 axb6 14.Bxf6 Qxf6 
15.Qd2 d4 16.a3 Rad8 17.Rac1 Rfe8 18.Rfe1 Bd5 19.Nh4 Bxg2 20.Kxg2 Ne5 21.
Qf4 Qe6 22.Nf3 Qd5 23.h4 d3 24.Rcd1 Nxf3 25.Qxf3 d2 26.Rf1 Rxe2 27.Qxd5 
Rxd5 28.Kf3 Re6 29.Rb1 Rd3+ 30.Kg2 Re4 31.Rfd1 Kh7 32.b3 Kg6 33.Rb2 Red4 
34.f3 Kf5 35.Kf2 g5 36.hxg5 hxg5 37.Rc2 g4 38.fxg4+ Kxg4 39.Rc7 Rf3+ 40.
Ke2 Kxg3 41.Rxb7 Rd6 42.Rb8 f5 43.b4 Rf2+ 44.Ke3 f4+ 45.Ke4 Re2+ 0-1

[Event "POL-ChT2"]
[Site "Opole POL"]
[Date "2006.09.09"]
[Round "8"]
[White "Matras, Agnieszka"]
[Black "Toczek, Grzegorz"]
[Result "1/2-1/2"]
[WhiteElo "2212"]
[BlackElo "2339"]
[EventDate "2006.09.02"]
[PlyCount "66"]

1.e4 e6 2.d4 c5 3.c3 d5 4.exd5 exd5 5.Nf3 Nc6 6.Bd3 c4 7.Bc2 Bd6 8.O-O 
Nge7 9.b3 cxb3 10.axb3 h6 11.Re1 O-O 12.Nbd2 Be6 13.Nf1 Qd7 14.Ng3 Rae8 
15.Qd3 f5 16.Ne5 Nxe5 17.dxe5 Bc5 18.Nh5 Nc6 19.Qg3 Kh7 20.Ra4 d4 21.b4 
Bb6 22.b5 Na5 23.cxd4 Rc8 24.Nf4 Rxc2 25.Qg6+ Kg8 26.Nxe6 Rf7 27.Bxh6 Nc6 
28.Nc5 Nxe5 29.Nxd7 Nxg6 30.Nxb6 axb6 31.Bg5 Rd7 32.h4 Kf7 33.d5 Rxd5 
1/2-1/2

[Event "POL-ChT2"]
[Site "Opole POL"]
[Date "2006.09.09"]
[Round "8"]
[White "Sendera, Jaroslaw"]
[Black "Samborski, Henryk"]
[Result "1/2-1/2"]
[WhiteElo "2334"]
[BlackElo "2188"]
[EventDate "2006.09.02"]
[PlyCount "62"]

1.e4 d6 2.d4 Nf6 3.Nc3 e5 4.Nf3 Bg4 5.dxe5 Bxf3 6.Qxf3 dxe5 7.Qg3 Nbd7 8.
Bd2 c6 9.Be2 Qc7 10.O-O-O O-O-O 11.Bc4 Nb6 12.Bb3 Ne8 13.Be3 Rxd1+ 14.Rxd1
Bd6 15.a4 Kb8 16.Kb1 f6 17.f3 Qe7 18.Qf2 Nc8 19.Na2 Nc7 20.Nc1 Ne6 21.Bc4 
Bc5 22.Bxe6 Bxe3 23.Qxe3 Qxe6 24.Nb3 Qe7 25.Nc5 Rd8 26.Rxd8 Qxd8 27.Qb3 b6
28.Na6+ Kb7 29.Nc5+ Kb8 30.Na6+ Kb7 31.Nc5+ Ka8 1/2-1/2

[Event "POL-ChT2"]
[Site "Opole POL"]
[Date "2006.09.09"]
[Round "8"]
[White "Szczepkowska-Horowska, Karina"]
[Black "Majdan, Joanna"]
[Result "1/2-1/2"]
[WhiteElo "2331"]
[BlackElo "2314"]
[EventDate "2006.09.02"]
[PlyCount "21"]

1.g3 Nf6 2.Bg2 d5 3.Nf3 c6 4.d3 Bg4 5.O-O Nbd7 6.Qe1 e5 7.e4 Bxf3 8.Bxf3 
dxe4 9.Bxe4 Nxe4 10.Qxe4 Bc5 11.Be3 1/2-1/2

[Event "POL-ChT2"]
[Site "Opole POL"]
[Date "2006.09.10"]
[Round "9"]
[White "Lisowski, Krzysztof"]
[Black "Szwed, Jacek"]
[Result "1-0"]
[WhiteElo "2234"]
[BlackElo "2323"]
[EventDate "2006.09.02"]
[PlyCount "102"]

1.e4 d5 2.exd5 Qxd5 3.Nc3 Qd6 4.d4 Nf6 5.Bc4 a6 6.f3 b5 7.Bb3 Bb7 8.Nge2 
e6 9.Bf4 Qd7 10.a3 h6 11.Qd3 c5 12.dxc5 Bxc5 13.O-O-O Nc6 14.Ne4 Qxd3 15.
Nxf6+ gxf6 16.Rxd3 Rd8 17.Rhd1 Rxd3 18.Rxd3 Ke7 19.Be3 Bd6 20.Nf4 Ne5 21.
Rd2 Nc4 22.Bxc4 bxc4 23.Ne2 Rg8 24.Nc3 f5 25.Bxh6 Bxh2 26.Be3 Bd6 27.Na4 
Be5 28.Nc5 Bd5 29.Nxa6 c3 30.bxc3 Bxc3 31.Rd3 Be5 32.Nb4 Ba8 33.Rd2 Rh8 
34.c4 Bc3 35.Re2 Rc8 36.Rc2 Be5 37.c5 Bc7 38.Kd2 Ba5 39.Ke2 Rb8 40.Rb2 Rc8
41.Rd2 Rg8 42.Kd3 e5 43.Kc4 f4 44.Bg1 Rb8 45.Rd6 Bc7 46.Rd2 Ba5 47.Bf2 Rh8
48.Nd5+ Ke6 49.Nb4 Bc7 50.c6 Rc8 51.Bc5 f5 {zapis nieczytelny} 1-0

[Event "POL-ChT2"]
[Site "Opole POL"]
[Date "2006.09.10"]
[Round "9"]
[White "Kulesza, Mateusz"]
[Black "Mista, Aleksander"]
[Result "0-1"]
[WhiteElo "2282"]
[BlackElo "2493"]
[EventDate "2006.09.02"]
[PlyCount "80"]

1.e4 g6 2.Nc3 Bg7 3.g3 c5 4.Be2 Nc6 5.d3 d6 6.f4 e5 7.Nf3 Nge7 8.O-O Nd4 
9.Be3 O-O 10.Qd2 Bg4 11.Rf2 exf4 12.Bxf4 Bxf3 13.Bxf3 Nxf3+ 14.Rxf3 d5 15.
Raf1 d4 16.Ne2 Nc6 17.R3f2 Rc8 18.Bh6 Bxh6 19.Qxh6 Ne5 20.h3 Rc6 21.g4 c4 
22.Nc1 cxd3 23.Nxd3 Nxd3 24.cxd3 Qa5 25.a3 Qb5 26.Qd2 h5 27.gxh5 Qxh5 28.
Qb4 Qxh3 29.Qxd4 Qg3+ 30.Rg2 Qd6 31.Qe3 Rd8 32.Qf3 Rd7 33.Rg3 Rc2 34.Rh3 
Rxb2 35.Kh1 Rd2 36.Qg4 Rxd3 37.Rh2 Rd1 38.Rf2 Rxf1+ 39.Rxf1 Qd3 40.Qf4 Re7
0-1

[Event "POL-ChT2"]
[Site "Opole POL"]
[Date "2006.09.10"]
[Round "9"]
[White "Bednarska, Malgorzata"]
[Black "Szydlowska, Marta"]
[Result "1/2-1/2"]
[WhiteElo "2194"]
[BlackElo "2048"]
[EventDate "2006.09.02"]
[PlyCount "38"]

1.e4 d5 2.exd5 Qxd5 3.Nc3 Qa5 4.d4 Nf6 5.Nf3 Bf5 6.Bd2 c6 7.Bc4 e6 8.O-O 
Be7 9.Nd5 Qd8 10.Nxe7 Qxe7 11.Bg5 h6 12.Bh4 Nbd7 13.c3 O-O 14.Bd3 Bxd3 15.
Qxd3 Rfd8 16.Qe2 Nb6 17.Ne5 Nbd5 18.Ng4 Qd6 19.Nxf6+ Nxf6 1/2-1/2

[Event "POL-ChT2"]
[Site "Opole POL"]
[Date "2006.09.10"]
[Round "9"]
[White "Smagacz, Dariusz"]
[Black "Borkowski, Miroslaw"]
[Result "1-0"]
[WhiteElo "2227"]
[BlackElo "1884"]
[EventDate "2006.09.02"]
[PlyCount "53"]

1.e4 c6 2.d4 d5 3.Nd2 dxe4 4.Nxe4 Bf5 5.Ng3 Bg6 6.Nf3 Nd7 7.h4 h6 8.h5 Bh7
9.Bd3 Bxd3 10.Qxd3 e6 11.Bd2 Qc7 12.O-O-O O-O-O 13.Qe2 Ngf6 14.Kb1 Be7 15.
c4 c5 16.d5 Qb6 17.Bc3 Rhe8 18.dxe6 fxe6 19.Rhe1 Bf8 20.Nh4 Bd6 21.Ne4 Bc7
22.g4 e5 23.Ng3 Nf8 24.Nf1 Rxd1+ 25.Rxd1 g5 26.hxg6 Nxg6 27.Nxg6 1-0

[Event "POL-ChT2"]
[Site "Opole POL"]
[Date "2006.09.10"]
[Round "9"]
[White "Murawski, Grzegorz"]
[Black "Tworuszka, Michal"]
[Result "1/2-1/2"]
[WhiteElo "2311"]
[BlackElo "2305"]
[EventDate "2006.09.02"]
[PlyCount "23"]

1.d4 Nf6 2.Nc3 d5 3.Bg5 Nbd7 4.Nf3 g6 5.e3 Bg7 6.Bd3 O-O 7.Ne2 c5 8.c3 Qb6
9.Qb3 c4 10.Qxb6 Nxb6 11.Bc2 h6 12.Bxf6 1/2-1/2

[Event "POL-ChT2"]
[Site "Opole POL"]
[Date "2006.09.10"]
[Round "9"]
[White "Zezulkin, Jurij"]
[Black "Dawidow, Jacek"]
[Result "1/2-1/2"]
[WhiteElo "2455"]
[BlackElo "2337"]
[EventDate "2006.09.02"]
[PlyCount "33"]

1.e4 c5 2.Nc3 d6 3.Nf3 e5 4.Bc4 Nc6 5.d3 Be7 6.O-O Nf6 7.Ng5 O-O 8.f4 h6 
9.Nf3 exf4 10.Bxf4 Be6 11.Nd5 Bxd5 12.exd5 Na5 13.Nh4 Nxc4 14.dxc4 Nxd5 
15.Qxd5 Bxh4 16.Rad1 Be7 17.b3 1/2-1/2

[Event "POL-ChT2"]
[Site "Opole POL"]
[Date "2006.09.10"]
[Round "9"]
[White "Juroszek, Tadeusz"]
[Black "Markowski, Tomasz"]
[Result "0-1"]
[WhiteElo "2387"]
[BlackElo "2547"]
[EventDate "2006.09.02"]
[PlyCount "68"]

1.Nf3 Nf6 2.c4 c5 3.Nc3 Nc6 4.e3 g6 5.Be2 Bg7 6.d4 cxd4 7.exd4 d5 8.O-O 
O-O 9.Be3 Be6 10.c5 Ne4 11.Qc1 Qa5 12.Rd1 Rfd8 13.a3 Nxc3 14.Qxc3 Qxc3 15.
bxc3 b6 16.Bb5 Na5 17.cxb6 axb6 18.Nd2 Rdc8 19.Rdc1 Ra7 20.Bf4 Bd7 21.Be2 
b5 22.g3 Bf8 23.Rcb1 Nc4 24.Bxc4 bxc4 25.Nf1 e6 26.Bc1 Rca8 27.Ra2 f6 28.
Rb6 Kf7 29.Ne3 Bxa3 30.Bxa3 Rxa3 31.Rc2 Rb3 32.Rb4 Rxb4 33.cxb4 Ra1+ 34.
Kg2 Rb1 0-1

[Event "POL-ChT2"]
[Site "Opole POL"]
[Date "2006.09.10"]
[Round "9"]
[White "Magnucka, Milena"]
[Black "Chmiel, Dominika"]
[Result "1/2-1/2"]
[WhiteElo "2066"]
[BlackElo "2138"]
[EventDate "2006.09.02"]
[PlyCount "73"]

1.e4 e5 2.Nf3 Nc6 3.d4 exd4 4.Nxd4 Nf6 5.Nc3 Bb4 6.Nxc6 bxc6 7.Bd3 d5 8.
exd5 cxd5 9.O-O O-O 10.Bg5 c6 11.Na4 Be6 12.Rc1 h6 13.Bh4 Qa5 14.Bxf6 Qxa4
15.Qh5 Bd2 16.Rcd1 Bf4 17.Bd4 Kh8 18.Bf5 Bxf5 19.Qxf5 Bd6 20.b3 Qa5 21.Qd7
Qc7 22.Qxc7 Bxc7 23.Rfe1 Bd6 24.Kf1 Kg8 25.Re2 a5 26.a4 Bb4 27.Rd3 c5 28.
Bb2 d4 29.c3 dxc3 30.Bxc3 Rfd8 31.Rxd8+ Rxd8 32.Bxb4 cxb4 33.Re5 Rd3 34.
Rxa5 Rxb3 35.Rb5 Rb2 36.a5 Ra2 37.Rxb4 1/2-1/2

[Event "POL-ChT2"]
[Site "Opole POL"]
[Date "2006.09.10"]
[Round "9"]
[White "Hudziak, Pawel"]
[Black "Dudzinski, Pawel"]
[Result "1/2-1/2"]
[WhiteElo "2245"]
[BlackElo "2203"]
[EventDate "2006.09.02"]
[PlyCount "23"]

1.c4 e5 2.Nc3 Nc6 3.Nf3 g6 4.d4 exd4 5.Nxd4 Bg7 6.Nxc6 bxc6 7.g3 Ne7 8.Bg2
O-O 9.O-O d6 10.Bg5 f6 11.Bf4 Rb8 12.c5 1/2-1/2

[Event "POL-ChT2"]
[Site "Opole POL"]
[Date "2006.09.10"]
[Round "9"]
[White "Dudzinski, Piotr"]
[Black "Jasik, Krzysztof"]
[Result "1/2-1/2"]
[WhiteElo "2254"]
[BlackElo "2336"]
[EventDate "2006.09.02"]
[PlyCount "93"]

1.e4 e5 2.Nf3 d6 3.Bc4 c6 4.d4 Nd7 5.dxe5 dxe5 6.Be3 Be7 7.O-O Ngf6 8.Nbd2
O-O 9.h3 Qc7 10.c3 h6 11.Qc2 Nh5 12.Rfe1 Nc5 13.a4 Ne6 14.Nf1 Ng5 15.Qe2 
g6 16.N1h2 Kh7 17.Ng4 Nf4 18.Bxf4 exf4 19.e5 Be6 20.Nxg5+ hxg5 21.Bxe6 
fxe6 22.Qc4 Qc8 23.Rad1 Rb8 24.Nf6+ Bxf6 25.exf6 Rxf6 26.Rd6 Qg8 27.Rd7+ 
Rf7 28.Qxe6 Rf8 29.Qg4 Kh6 30.Rd6 Re8 31.Rxe8 Qxe8 32.h4 Qe1+ 33.Kh2 Qe5 
34.Re6 Qf5 35.Qxf5 Rxf5 36.hxg5+ Kxg5 37.Re7 Ra5 38.b3 Rc5 39.Rxb7 Rxc3 
40.b4 Rb3 41.b5 cxb5 42.axb5 Rb2 43.f3 Kh4 44.Rg7 Kg5 45.Rxa7 Rxb5 46.Kh3 
Rc5 47.Rb7 1/2-1/2

[Event "POL-ChT2"]
[Site "Opole POL"]
[Date "2006.09.10"]
[Round "9"]
[White "Zeberski, Jakub"]
[Black "Wlodarczyk, Oskar"]
[Result "1/2-1/2"]
[WhiteElo "2410"]
[BlackElo "2282"]
[EventDate "2006.09.02"]
[PlyCount "126"]

1.e4 e5 2.Nf3 Nf6 3.Nxe5 d6 4.Nf3 Nxe4 5.d4 d5 6.Bd3 Bd6 7.O-O O-O 8.c4 c6
9.Qc2 Na6 10.a3 f5 11.Nc3 Nc7 12.c5 Be7 13.Bf4 Ne6 14.Be5 Bf6 15.Ne2 g5 
16.b4 g4 17.Ne1 Bxe5 18.dxe5 Qc7 19.f4 a5 20.Qb2 b6 21.Bxe4 dxe4 22.Nd4 
bxc5 23.bxc5 Nxd4 24.Qxd4 Rd8 25.Qc3 Be6 26.Rb1 Rab8 27.Rxb8 Rxb8 28.Rf2 
Rb3 29.Qc1 Qb7 30.Qd2 Qc7 31.Qc1 Qb8 32.Rc2 Bd5 33.Rc3 a4 34.Qe3 Rb5 35.
Nc2 Rb1+ 36.Kf2 Qb2 37.Qd2 Rc1 38.Ke3 Kf7 39.e6+ Bxe6 40.Kd4 Kf6 41.Ke3 
Rd1 42.Qxd1 Qxc3+ 43.Kf2 Qxc5+ 44.Qd4+ Qxd4+ 45.Nxd4 Bd7 46.Ke3 c5 47.Ne2 
Ke6 48.Nc3 Kd6 49.g3 Bc6 50.Kd2 c4 51.Ke2 Kc5 52.Ke3 Be8 53.Kd2 e3+ 54.
Kxe3 Bc6 55.Na2 c3 56.Kd3 c2 57.Kxc2 Kd4 58.Kd2 Ke4 59.Nb4 Bd7 60.Nd3 Be8 
61.Ne5 h6 62.Ke2 Bb5+ 63.Kd2 Be8 1/2-1/2

[Event "POL-ChT2"]
[Site "Opole POL"]
[Date "2006.09.10"]
[Round "9"]
[White "Jasnikowski, Zbigniew"]
[Black "Hnydiuk, Aleksander"]
[Result "1/2-1/2"]
[WhiteElo "2411"]
[BlackElo "2366"]
[EventDate "2006.09.02"]
[PlyCount "74"]

1.d4 Nf6 2.c4 e6 3.Nf3 d5 4.Nc3 c5 5.cxd5 Nxd5 6.e4 Nxc3 7.bxc3 cxd4 8.
cxd4 Bb4+ 9.Bd2 Bxd2+ 10.Qxd2 O-O 11.Bc4 Nd7 12.O-O b6 13.d5 Nc5 14.Rfe1 
exd5 15.exd5 Qd6 16.Nd4 Bd7 17.Nb5 Bxb5 18.Bxb5 Rad8 19.Rad1 Nb7 20.a4 Qf6
21.Qe2 Nd6 22.Bc6 Rc8 23.Qe7 Qxe7 24.Rxe7 a5 25.g3 Rfd8 26.Ra7 Kf8 27.Re1 
g6 28.f4 h5 29.h3 Nf5 30.Kf2 Nd4 31.Ree7 Nxc6 32.Rxf7+ Kg8 33.Rg7+ Kf8 34.
Raf7+ Ke8 35.dxc6 Rxc6 36.Re7+ Kf8 37.Rgf7+ Kg8 1/2-1/2

[Event "POL-ChT2"]
[Site "Opole POL"]
[Date "2006.09.10"]
[Round "9"]
[White "Kovalev, Andrei"]
[Black "Staniszewski, Piotr"]
[Result "1-0"]
[WhiteElo "2526"]
[BlackElo "2424"]
[EventDate "2006.09.02"]
[PlyCount "79"]

1.e4 e5 2.Nf3 Nc6 3.Bb5 a6 4.Ba4 Nf6 5.O-O Be7 6.Re1 b5 7.Bb3 d6 8.c3 O-O 
9.h3 Bb7 10.d4 Re8 11.Nbd2 Bf8 12.Bc2 g6 13.d5 Nb8 14.c4 c6 15.b3 Nbd7 16.
Nf1 Qc7 17.Ng3 Rec8 18.Bd3 Nc5 19.Bf1 bxc4 20.bxc4 a5 21.Bg5 Bg7 22.Nd2 
Ba6 23.Rc1 a4 24.Qf3 Nfd7 25.Nb1 cxd5 26.cxd5 Qb6 27.Na3 Bxf1 28.Nxf1 Qa6 
29.Nc4 Rc7 30.Be7 Bf8 31.Nxd6 f5 32.Nxf5 gxf5 33.d6 Rb7 34.exf5 Kh8 35.
Red1 Rb4 36.Qd5 Rb5 37.Qf7 Bh6 38.Rc4 e4 39.Ng3 Qb7 40.Rxc5 1-0

[Event "POL-ChT2"]
[Site "Opole POL"]
[Date "2006.09.10"]
[Round "9"]
[White "Zielinska, Marta"]
[Black "Chlost, Marlena"]
[Result "1-0"]
[WhiteElo "2353"]
[BlackElo "2132"]
[EventDate "2006.09.02"]
[PlyCount "73"]

1.e4 e5 2.Nf3 Nc6 3.Bc4 Bc5 4.O-O Nf6 5.d3 h6 6.c3 d6 7.a4 a6 8.b4 Bb6 9.
Qb3 O-O 10.Nbd2 Ne7 11.Re1 c6 12.a5 Ba7 13.Qc2 Ng6 14.Nf1 Nh5 15.Be3 Qf6 
16.Bxa7 Rxa7 17.d4 Bg4 18.dxe5 dxe5 19.N3d2 Nhf4 20.Ne3 Qg5 21.f3 Bh3 22.
g3 Nh5 23.Ndf1 Raa8 24.Rad1 Rad8 25.Rxd8 Rxd8 26.Rd1 Rxd1 27.Qxd1 Ngf4 28.
Kf2 Ng6 29.Qd6 Qe7 30.Qxg6 Nf6 31.Nd2 Kf8 32.Qxf7+ Qxf7 33.Bxf7 Kxf7 34.g4
Nh7 35.Ndc4 Ke6 36.Nf5 g6 37.Nfd6 1-0

[Event "POL-ChT2"]
[Site "Opole POL"]
[Date "2006.09.10"]
[Round "9"]
[White "Owczarzak, Jerzy"]
[Black "Misiuga, Andrzej"]
[Result "1-0"]
[WhiteElo "2380"]
[BlackElo "2199"]
[EventDate "2006.09.02"]
[PlyCount "101"]

1.e4 c6 2.d4 d5 3.exd5 cxd5 4.c4 Nf6 5.Nc3 e6 6.Nf3 Bb4 7.cxd5 Nxd5 8.Qc2 
O-O 9.Bd3 g6 10.a3 Be7 11.h4 Nc6 12.h5 f5 13.hxg6 hxg6 14.Qd2 Rf7 15.Qh6 
Rg7 16.Bg5 Nf6 17.Qh8+ Kf7 18.Qxd8 Bxd8 19.Bc4 Nh7 20.Bxd8 Nxd8 21.O-O-O 
Kf6 22.Ne5 Nf7 23.f4 Nxe5 24.dxe5+ Ke7 25.Rd6 Bd7 26.Bd5 Rb8 27.Bf3 Nf8 
28.Ne2 Rh7 29.Rhd1 Rc8+ 30.Kd2 Ba4 31.Rc1 Rxc1 32.Nxc1 b6 33.Ne2 Bd7 34.
Ke3 Rh1 35.Nd4 Rb1 36.b3 Rb2 37.Kd3 Ra2 38.a4 Rf2 39.a5 bxa5 40.Ra6 g5 41.
fxg5 Ng6 42.Rxa5 Rf1 43.Ke2 Rb1 44.Rxa7 Nxe5 45.Nc6+ Kd6 46.Nxe5 Bb5+ 47.
Nc4+ Kc5 48.Rc7+ Kd4 49.g6 Rb2+ 50.Ke1 Rb1+ 51.Kf2 1-0

[Event "POL-ChT2"]
[Site "Opole POL"]
[Date "2006.09.10"]
[Round "9"]
[White "Pazdziora, Michal"]
[Black "Tomczak, Jacek"]
[Result "0-1"]
[WhiteElo "2151"]
[BlackElo "2389"]
[EventDate "2006.09.02"]
[PlyCount "44"]

1.d4 d5 2.c4 dxc4 3.Nf3 Nf6 4.e3 e6 5.Bxc4 c5 6.O-O a6 7.Qe2 b5 8.Bb3 Bb7 
9.a4 Nbd7 10.axb5 axb5 11.Rxa8 Qxa8 12.Nc3 b4 13.Nb5 Qb8 14.e4 cxd4 15.
Nfxd4 Bc5 16.Re1 Nxe4 17.Qd3 Ndf6 18.f3 Ba6 19.Bc4 O-O 20.Be3 Rd8 21.fxe4 
Ng4 22.Kf1 Ne5 0-1

[Event "POL-ChT2"]
[Site "Opole POL"]
[Date "2006.09.10"]
[Round "9"]
[White "Schmidt, Wlodzimierz"]
[Black "Markiewicz, Jerzy"]
[Result "1-0"]
[WhiteElo "2437"]
[BlackElo "2314"]
[EventDate "2006.09.02"]
[PlyCount "117"]

1.d4 Nf6 2.c4 g6 3.Nc3 Bg7 4.e4 d6 5.Nf3 O-O 6.Be2 Nbd7 7.O-O e5 8.Re1 
exd4 9.Nxd4 c6 10.Bf1 Ng4 11.Qxg4 Bxd4 12.Qd1 Qf6 13.Be3 Bxe3 14.Rxe3 Ne5 
15.Qd2 Be6 16.b3 Rad8 17.Rg3 Qh4 18.f4 Ng4 19.Rh3 Qe7 20.Qd4 Qf6 21.Qxf6 
Nxf6 22.Rd3 Rd7 23.Rad1 Rfd8 24.g3 Ne8 25.Bg2 Nc7 26.h3 f6 27.Kf2 Kf8 28.
h4 Bg4 29.Bf3 Bxf3 30.Kxf3 Ke7 31.h5 Ne6 32.hxg6 hxg6 33.Rh1 Rg8 34.Rd2 
Rg7 35.Nd1 Nd8 36.Ne3 Nf7 37.Rhd1 Rg8 38.b4 a6 39.a3 Rdd8 40.Ng2 Rg7 41.
Ne3 Rgg8 42.Nc2 Rh8 43.Nd4 Rh3 44.Nb3 Rhh8 45.Na5 Rb8 46.Nb3 Rbd8 47.a4 
Rhg8 48.a5 Rh8 49.c5 dxc5 50.Nxc5 Rxd2 51.Rxd2 Rd8 52.Rxd8 Nxd8 53.e5 fxe5
54.fxe5 Nf7 55.Kf4 Nh6 56.Nxb7 Nf5 57.Nc5 Nd4 58.Nxa6 Nc2 59.Ke4 1-0